[Event "DVM U20 2010"]
[Site "Osnabrück GER"]
[Date "2010.12.29"]
[Round "5"]
[White "Tkachuk, Konstantyn"]
[Black "Kyas, Marcel"]
[Result "1/2-1/2"]
[Termination "normal"]
[Board "1.1"]
[WhiteElo "2174"]
[BlackElo "2129"]
[WhiteTeam "SG Bochum 1931"]
[BlackTeam "SVG Salzgitter"]
[PlyCount "139"]
[WhiteFideId "24647330"]
[BlackFideId "24642037"]
[EventCountry "GER"]
[EventRounds "7"]
[EventType "team-swiss"]
[EventDate "2010.12.26"]

1. e4 e6 2. d4 d5 3. exd5 exd5 4. Nf3 Nc6 5. Bb5 Nge7 6. O-O a6 7. Bd3 Bf5 8.
c3 Qd7 9. b4 Ng6 10. Re1+ Be7 11. Na3 O-O 12. Nc2 Bxd3 13. Qxd3 Rfe8 14. Ne3
Bf8 15. g3 h6 16. Bb2 Rad8 17. Kg2 Qe6 18. Nd2 Bd6 19. Nf5 Qe7 20. Nxd6 Qxd6
21. Nb3 Qd7 22. Nc5 Qg4 23. Kh1 Qc8 24. Re3 Rxe3 25. fxe3 Re8 26. Re1 Nb8 27.
e4 b6 28. Nb3 dxe4 29. Rxe4 Rxe4 30. Qxe4 Nd7 31. c4 Nf6 32. Qe2 Qf5 33. a3 h5
34. d5 Ng4 35. Kg2 h4 36. Nd4 h3+ 37. Kxh3 Qh5+ 38. Kg2 Qxh2+ 39. Kf3 N4e5+ 40.
Ke3 Qxg3+ 41. Kd2 Qg5+ 42. Kc2 Nf4 43. Qf1 Qg6+ 44. Kb3 Qe4 45. Bc3 g5 46. Qe1
Qxe1 47. Bxe1 Kf8 48. a4 Ke7 49. a5 Kd7 50. b5 axb5 51. Nxb5 bxa5 52. Bxa5 c6
53. dxc6+ Nxc6 54. Be1 f5 55. Kc3 g4 56. Nd4 Nxd4 57. Kxd4 Ke6 58. c5 g3 59. c6
g2 60. Bf2 Nh3 61. c7 Kd7 62. Ke3 f4+ 63. Kf3 Nxf2 64. Kxg2 Nd3 65. Kf3 Kxc7
66. Ke4 Kd6 67. Kxd3 Ke5 68. Ke2 Ke4 69. Kf2 f3 70. Kf1 1/2-1/2

[Event "DVM U20 2010"]
[Site "Osnabrück GER"]
[Date "2010.12.29"]
[Round "5"]
[White "Tennert, Simon"]
[Black "Mazarov, Jürgen"]
[Result "0-1"]
[Termination "normal"]
[Board "1.2"]
[WhiteElo "2025"]
[BlackElo "2141"]
[WhiteTeam "SVG Salzgitter"]
[BlackTeam "SG Bochum 1931"]
[PlyCount "172"]
[WhiteFideId "1270445"]
[BlackFideId "24617768"]
[EventCountry "GER"]
[EventRounds "7"]
[EventType "team-swiss"]
[EventDate "2010.12.26"]

1. e4 e5 2. Nf3 Nf6 3. Nxe5 d6 4. Nf3 Nxe4 5. c4 Be7 6. Nc3 Nxc3 7. dxc3 O-O 8.
Bd3 Nd7 9. Qc2 h6 10. Bf4 Nc5 11. Be2 Bg4 12. Rd1 Qc8 13. O-O Bf5 14. Qc1 Bf6
15. Nd4 Bg6 16. b4 Ne6 17. Bg3 a5 18. a3 axb4 19. axb4 Ra2 20. Rd2 Qa8 21. Nb5
Bf5 22. Bf3 Bg5 23. Rxa2 Qxa2 24. Qa1 Qxc4 25. Be2 Qc6 26. Qa4 Be4 27. f3 Be3+
28. Kh1 Bd5 29. Qa1 Bc4 30. Bxc4 Qxc4 31. Na3 Qa6 32. b5 Qa4 33. Qb2 Nc5 34.
Ra1 Qb3 35. Qxb3 Nxb3 36. Rb1 Nd2 37. Re1 Bc5 38. Nc2 Nc4 39. Re7 Rc8 40. Nb4
Kf8 41. Re1 Bxb4 42. cxb4 Nb6 43. h4 Nd5 44. Rc1 Ke7 45. Rc4 b6 46. h5 Kd7 47.
Rg4 Rg8 48. Bh4 g5 49. hxg6 fxg6 50. Be1 h5 51. Rd4 Re8 52. Bd2 Re5 53. Kg1 Ne7
54. g4 Rxb5 55. Kf2 hxg4 56. Rxg4 Re5 57. Rh4 Nd5 58. Rh6 Re6 59. b5 Ne7 60.
Bc3 d5 61. Bb4 d4 62. Rh7 d3 63. Kf1 Ke8 64. Rh8+ Kd7 65. Rh7 Kc8 66. Rh8+ Kb7
67. Rd8 Re3 68. Bxe7 Rxe7 69. Rxd3 Re5 70. Rb3 g5 71. Kf2 c6 72. bxc6+ Kxc6 73.
Kg3 Kc5 74. f4 gxf4+ 75. Kxf4 Re8 76. Kf3 b5 77. Rc3+ Kb4 78. Rc7 Kb3 79. Kf2
b4 80. Kf3 Ka2 81. Ra7+ Kb2 82. Rb7 b3 83. Rb6 Kc2 84. Rc6+ Kb1 85. Rb6 b2 86.
Rb7 Rc8 0-1

[Event "DVM U20 2010"]
[Site "Osnabrück GER"]
[Date "2010.12.29"]
[Round "5"]
[White "Kelbling, Philipp"]
[Black "Bradler, Stephan"]
[Result "1/2-1/2"]
[Termination "normal"]
[Board "1.3"]
[WhiteElo "2132"]
[BlackElo "2051"]
[WhiteTeam "SG Bochum 1931"]
[BlackTeam "SVG Salzgitter"]
[PlyCount "39"]
[WhiteFideId "24669750"]
[BlackFideId "24629367"]
[EventCountry "GER"]
[EventRounds "7"]
[EventType "team-swiss"]
[EventDate "2010.12.26"]

1. e4 c5 2. Nf3 Nc6 3. d4 cxd4 4. Nxd4 Nf6 5. Nc3 e5 6. Ndb5 d6 7. Bg5 a6 8.
Na3 b5 9. Nd5 Be7 10. Bxf6 Bxf6 11. c3 O-O 12. Nc2 Bg5 13. a4 bxa4 14. Rxa4 a5
15. Bc4 Rb8 16. b3 Kh8 17. O-O f5 18. exf5 Bxf5 19. Nce3 Be6 20. Qd3 1/2-1/2

[Event "DVM U20 2010"]
[Site "Osnabrück GER"]
[Date "2010.12.29"]
[Round "5"]
[White "Kyas, Philipp"]
[Black "Pilat, Fabian"]
[Result "1-0"]
[Termination "normal"]
[Board "1.4"]
[WhiteElo "2035"]
[BlackElo "1959"]
[WhiteTeam "SVG Salzgitter"]
[BlackTeam "SG Bochum 1931"]
[PlyCount "57"]
[WhiteFideId "24670936"]
[BlackFideId "24683396"]
[EventCountry "GER"]
[EventRounds "7"]
[EventType "team-swiss"]
[EventDate "2010.12.26"]

1. d4 d5 2. c4 e6 3. Nc3 Nf6 4. Bg5 Be7 5. e3 O-O 6. cxd5 exd5 7. Qc2 Nbd7 8.
Bd3 c6 9. Nge2 Re8 10. O-O Nf8 11. Rae1 Be6 12. Nf4 h6 13. Bh4 Bd7 14. Nfe2 Rc8
15. f3 Be6 16. Bf2 Rc7 17. Kh1 Bd6 18. e4 dxe4 19. fxe4 Ng4 20. e5 Be7 21. Bg1
h5 22. Nf4 h4 23. Nxe6 Nxe6 24. Bf5 Nh6 25. Bxe6 fxe6 26. Qg6 Bb4 27. Ne4 Be7
28. Be3 Nf5 29. Qxe6+ 1-0

[Event "DVM U20 2010"]
[Site "Osnabrück GER"]
[Date "2010.12.29"]
[Round "5"]
[White "Butschek, Marc"]
[Black "Langenfeld, Olaf"]
[Result "1/2-1/2"]
[Termination "normal"]
[Board "1.5"]
[WhiteElo "1863"]
[BlackElo "2022"]
[WhiteTeam "SG Bochum 1931"]
[BlackTeam "SVG Salzgitter"]
[PlyCount "69"]
[WhiteFideId "4630904"]
[BlackFideId "24645826"]
[EventCountry "GER"]
[EventRounds "7"]
[EventType "team-swiss"]
[EventDate "2010.12.26"]

1. e4 c5 2. c3 Nf6 3. e5 Nd5 4. d4 cxd4 5. Qxd4 e6 6. Nf3 Nc6 7. Qe4 d6 8. exd6
Bxd6 9. Nbd2 Nf6 10. Qe2 O-O 11. g3 e5 12. Ne4 Bf5 13. Nfd2 Bc7 14. Bg2 Nxe4
15. Nxe4 Qe7 16. O-O Bb6 17. Be3 Bxe3 18. Qxe3 Rfd8 19. f4 exf4 20. Rxf4 Bg6
21. Qc5 Bxe4 22. Qxe7 Nxe7 23. Rxe4 Nc6 24. Rc4 Rac8 25. Re1 g6 26. b4 Kf8 27.
Bxc6 Rxc6 28. Rxc6 bxc6 29. Kf2 Rd3 30. Re3 Rd2+ 31. Re2 Rd3 32. Re3 Rd2+ 33.
Re2 Rd7 34. Re5 Rd2+ 35. Re2 1/2-1/2

[Event "DVM U20 2010"]
[Site "Osnabrück GER"]
[Date "2010.12.29"]
[Round "5"]
[White "Sauer, Norwin"]
[Black "Budszuhn, Timo"]
[Result "0-1"]
[Termination "normal"]
[Board "1.6"]
[WhiteElo "2062"]
[BlackElo "1946"]
[WhiteTeam "SVG Salzgitter"]
[BlackTeam "SG Bochum 1931"]
[PlyCount "140"]
[WhiteFideId "24645966"]
[BlackFideId "1270607"]
[EventCountry "GER"]
[EventRounds "7"]
[EventType "team-swiss"]
[EventDate "2010.12.26"]

1. d4 Nf6 2. c4 g6 3. Nc3 d5 4. cxd5 Nxd5 5. e4 Nxc3 6. bxc3 Bg7 7. Bc4 c5 8.
Be3 Nc6 9. Ne2 O-O 10. O-O Qc7 11. Qc1 a6 12. Rd1 b5 13. Bd5 Bb7 14. Bxc6 Qxc6
15. d5 Qc7 16. Bh6 Rfd8 17. Bxg7 Kxg7 18. c4 Qe5 19. Qc3 Qxc3 20. Nxc3 Rab8 21.
Rab1 b4 22. Na4 Rdc8 23. f3 a5 24. d6 exd6 25. Rxd6 Rc6 26. Rbd1 Rbc8 27. Rd7
Ba6 28. Nb2 a4 29. Rc1 Ra8 30. Nd1 Bc8 31. Rd8 Ra7 32. Ne3 b3 33. axb3 axb3 34.
Rb1 Ra3 35. Rd3 Rb6 36. Nd5 Rb8 37. Nc7 Rb4 38. Nb5 Rxb5 39. cxb5 c4 40. Rc3
Be6 41. Kf2 Ra5 42. Ke3 Rxb5 43. Kd4 Rb4 44. g4 g5 45. h4 h6 46. h5 Kf6 47. Kc5
Rb8 48. Kd4 Rd8+ 49. Ke3 Ke5 50. Ra1 Rb8 51. Rd1 Kf6 52. Ra1 Ke7 53. f4 gxf4+
54. Kxf4 Kf6 55. Rb1 Rd8 56. Ke3 Ke5 57. Ra1 Rg8 58. Ra5+ Kf6 59. Ra6 Rb8 60.
Ra1 Ke5 61. Ra5+ Kd6 62. Ra1 Kc5 63. Rb1 Kb4 64. Rcc1 c3 65. Kd4 Rd8+ 66. Ke3
b2 67. g5 hxg5 68. h6 Ba2 69. Rd1 Rg8 70. Rxb2+ cxb2 0-1

[Event "DVM U20 2010"]
[Site "Osnabrück GER"]
[Date "2010.12.29"]
[Round "5"]
[White "Mons, Leon"]
[Black "Savchenko, Aleksij"]
[Result "1/2-1/2"]
[Termination "normal"]
[Board "2.1"]
[WhiteElo "2178"]
[BlackElo "2267"]
[WhiteTeam "SC Forchheim"]
[BlackTeam "SG Porz"]
[PlyCount "33"]
[WhiteFideId "4614950"]
[BlackFideId "24611727"]
[EventCountry "GER"]
[EventRounds "7"]
[EventType "team-swiss"]
[EventDate "2010.12.26"]

1. e4 c5 2. Nf3 e6 3. Nc3 a6 4. d4 cxd4 5. Nxd4 Qc7 6. Bd3 b5 7. Qe2 Bb7 8. O-O
Be7 9. Kh1 b4 10. Nd1 d6 11. Bd2 a5 12. a3 bxa3 13. Rxa3 Nf6 14. Rc3 Qd8 15.
Rb3 Qc8 16. Rc3 Qd8 17. Rb3 1/2-1/2

[Event "DVM U20 2010"]
[Site "Osnabrück GER"]
[Date "2010.12.29"]
[Round "5"]
[White "Czybik, Nils Patrick"]
[Black "Seyb, Alexander"]
[Result "0-1"]
[Termination "normal"]
[Board "2.2"]
[BlackTitle "FM"]
[WhiteElo "2103"]
[BlackElo "2294"]
[WhiteTeam "SG Porz"]
[BlackTeam "SC Forchheim"]
[PlyCount "44"]
[WhiteFideId "24632040"]
[BlackFideId "4699033"]
[EventCountry "GER"]
[EventRounds "7"]
[EventType "team-swiss"]
[EventDate "2010.12.26"]

1. Nf3 Nf6 2. c4 e6 3. g3 d5 4. Bg2 dxc4 5. O-O Nbd7 6. Qa4 a6 7. Qxc4 b5 8.
Qc2 Bb7 9. d4 c5 10. Bg5 Rc8 11. dxc5 Bxc5 12. Qd2 O-O 13. Nc3 Qb6 14. Rad1
Rfd8 15. Qf4 h6 16. Rxd7 Rxd7 17. Bxf6 gxf6 18. Qxf6 Bxf3 19. Bxf3 Bf8 20. Qf4
Bg7 21. Ne4 f5 22. Nc3 Qd4 0-1

[Event "DVM U20 2010"]
[Site "Osnabrück GER"]
[Date "2010.12.29"]
[Round "5"]
[White "Miller, Eduard"]
[Black "Paulus, Jeffrey"]
[Result "1-0"]
[Termination "normal"]
[Board "2.3"]
[WhiteElo "2110"]
[BlackElo "1958"]
[WhiteTeam "SC Forchheim"]
[BlackTeam "SG Porz"]
[PlyCount "71"]
[WhiteFideId "24687022"]
[BlackFideId "24692468"]
[EventCountry "GER"]
[EventRounds "7"]
[EventType "team-swiss"]
[EventDate "2010.12.26"]

1. g3 Nf6 2. Bg2 e6 3. f4 d5 4. Nf3 Be7 5. O-O O-O 6. d3 c5 7. Nc3 Nc6 8. e4
dxe4 9. dxe4 a6 10. Qe2 Qc7 11. Rd1 Nd4 12. Nxd4 cxd4 13. Rxd4 Bc5 14. Be3 Bxd4
15. Bxd4 Rd8 16. Bxf6 gxf6 17. Qg4+ Kh8 18. Qh4 Qc5+ 19. Kh1 Qd4 20. Bf3 Bd7
21. Rd1 Qb6 22. Qxf6+ Kg8 23. Nd5 Qf2 24. Qg5+ Kf8 25. Qe7+ Kg7 26. Bh5 Be8 27.
Qg5+ Kh8 28. Qh6 Qc5 29. Qf6+ Kg8 30. Qg5+ Kh8 31. Qe5+ f6 32. Qxf6+ Kg8 33.
Qxe6+ Kf8 34. Qh6+ Kg8 35. Nf6+ Kh8 36. Qxh7# 1-0

[Event "DVM U20 2010"]
[Site "Osnabrück GER"]
[Date "2010.12.29"]
[Round "5"]
[White "Kremser, Michael"]
[Black "Stephan, Michael"]
[Result "1-0"]
[Termination "normal"]
[Board "2.4"]
[WhiteElo "1947"]
[BlackElo "1862"]
[WhiteTeam "SG Porz"]
[BlackTeam "SC Forchheim"]
[PlyCount "27"]
[WhiteFideId "1270131"]
[BlackFideId "24656852"]
[EventCountry "GER"]
[EventRounds "7"]
[EventType "team-swiss"]
[EventDate "2010.12.26"]

1. d4 Nf6 2. c4 g6 3. Nc3 Bg7 4. e4 d6 5. f3 Nfd7 6. Be3 c5 7. d5 Qa5 8. Qd2
Qb4 9. a3 Qb3 10. Nce2 Qxc4 11. Nd4 Qxd4 12. Bxd4 cxd4 13. Bb5 Na6 14. b4 1-0

[Event "DVM U20 2010"]
[Site "Osnabrück GER"]
[Date "2010.12.29"]
[Round "5"]
[White "Neth, Tobias"]
[Black "Sistig, Max"]
[Result "1-0"]
[Termination "normal"]
[Board "2.5"]
[WhiteElo "1941"]
[BlackElo "1932"]
[WhiteTeam "SC Forchheim"]
[BlackTeam "SG Porz"]
[PlyCount "39"]
[WhiteFideId "24643432"]
[BlackFideId "1270582"]
[EventCountry "GER"]
[EventRounds "7"]
[EventType "team-swiss"]
[EventDate "2010.12.26"]

1. e4 c5 2. Nc3 Nc6 3. Bc4 g6 4. d3 Bg7 5. Nge2 e6 6. Bf4 d6 7. Qd2 a6 8. a3 b5
9. Ba2 Bb7 10. Bg3 Nf6 11. f4 O-O 12. O-O Qb6 13. Kh1 Rac8 14. f5 gxf5 15. Bh4
Nd4 16. Ng3 b4 17. Nd1 bxa3 18. exf5 exf5 19. c3 f4 20. Bxf6 1-0

[Event "DVM U20 2010"]
[Site "Osnabrück GER"]
[Date "2010.12.29"]
[Round "5"]
[White "Karmann, Anna"]
[Black "Justi, Fabian"]
[Result "1-0"]
[Termination "normal"]
[Board "2.6"]
[WhiteElo "1935"]
[BlackElo "1912"]
[WhiteTeam "SG Porz"]
[BlackTeam "SC Forchheim"]
[PlyCount "53"]
[WhiteFideId "24648000"]
[BlackFideId "4614828"]
[EventCountry "GER"]
[EventRounds "7"]
[EventType "team-swiss"]
[EventDate "2010.12.26"]

1. c4 e6 2. g3 f5 3. Bg2 Nf6 4. Nf3 c6 5. O-O d5 6. d3 Bd6 7. Nc3 O-O 8. e4
fxe4 9. dxe4 dxe4 10. Ng5 e5 11. Ngxe4 Nxe4 12. Nxe4 Be7 13. Qb3 Qb6 14. Be3
Qxb3 15. axb3 a5 16. c5 Be6 17. b4 a4 18. Rfd1 Rd8 19. Rxd8+ Bxd8 20. Nd6 Ra7
21. b5 cxb5 22. c6 Ra6 23. Nxb7 Be7 24. c7 Nc6 25. Bd5 Bxd5 26. c8=Q+ Bf8 27.
Bc5 1-0

[Event "DVM U20 2010"]
[Site "Osnabrück GER"]
[Date "2010.12.29"]
[Round "5"]
[White "Seifert, Christopher"]
[Black "Meißner, Felix"]
[Result "1/2-1/2"]
[Termination "normal"]
[Board "3.2"]
[WhiteElo "2217"]
[BlackElo "2198"]
[WhiteTeam "SF Neuberg"]
[BlackTeam "SC Leipzig-Gohlis"]
[PlyCount "72"]
[WhiteFideId "24615293"]
[BlackFideId "24671827"]
[EventCountry "GER"]
[EventRounds "7"]
[EventType "team-swiss"]
[EventDate "2010.12.26"]

1. c4 Nf6 2. g3 g6 3. Bg2 d5 4. cxd5 Nxd5 5. Nc3 Nb6 6. Nf3 Bg7 7. O-O Nc6 8.
d3 O-O 9. Be3 e5 10. Qd2 Nd4 11. Bh6 Nxf3+ 12. Bxf3 c6 13. b4 Qe7 14. Rab1 Rd8
15. Bxg7 Kxg7 16. Rfc1 a5 17. Ne4 axb4 18. Rxb4 Nd5 19. Rb3 f5 20. Nc3 Nxc3 21.
Rcxc3 Be6 22. Rb2 e4 23. Bg2 exd3 24. Rxd3 Rxd3 25. exd3 Rd8 26. Qe3 Qf7 27.
Qa7 Rd7 28. a4 Bb3 29. d4 Qc4 30. Rb1 Qc2 31. Re1 Qc3 32. Rb1 Re7 33. h3 Qc2
34. Ra1 Qc3 35. Rb1 Qc2 36. Ra1 Qc3 1/2-1/2

[Event "DVM U20 2010"]
[Site "Osnabrück GER"]
[Date "2010.12.29"]
[Round "5"]
[White "Doberitz, Paul"]
[Black "Hummel, Dennis"]
[Result "1/2-1/2"]
[Termination "normal"]
[Board "3.3"]
[WhiteElo "2221"]
[BlackElo "2020"]
[WhiteTeam "SC Leipzig-Gohlis"]
[BlackTeam "SF Neuberg"]
[PlyCount "64"]
[WhiteFideId "24646130"]
[BlackFideId "4638336"]
[EventCountry "GER"]
[EventRounds "7"]
[EventType "team-swiss"]
[EventDate "2010.12.26"]

1. e4 e6 2. d4 d5 3. Nc3 Bb4 4. e5 c5 5. a3 Bxc3+ 6. bxc3 Ne7 7. Qg4 O-O 8. Bd3
f5 9. exf6 Rxf6 10. Qh5 g6 11. Qh4 Rf7 12. Nf3 Nbc6 13. O-O c4 14. Be2 Qa5 15.
Bd2 Nf5 16. Qg5 Bd7 17. h4 Raf8 18. h5 h6 19. Qg4 g5 20. Ne5 Nxe5 21. dxe5 Qc5
22. Kh1 d4 23. cxd4 Nxd4 24. Bb4 Qxe5 25. Bxf8 Rf4 26. Bxh6 Rxg4 27. Bxg4 Qf4
28. f3 Nxc2 29. Rad1 Ne3 30. Rxd7 Nxg4 31. g3 Qxg3 32. fxg4 Qh3+ 1/2-1/2

[Event "DVM U20 2010"]
[Site "Osnabrück GER"]
[Date "2010.12.29"]
[Round "5"]
[White "Iwanziw, Niklas"]
[Black "Hentze, Markus"]
[Result "1-0"]
[Termination "normal"]
[Board "3.4"]
[WhiteElo "1950"]
[BlackElo "2048"]
[WhiteTeam "SF Neuberg"]
[BlackTeam "SC Leipzig-Gohlis"]
[PlyCount "75"]
[WhiteFideId "24647101"]
[BlackFideId "4670922"]
[EventCountry "GER"]
[EventRounds "7"]
[EventType "team-swiss"]
[EventDate "2010.12.26"]

1. d4 d5 2. c4 c6 3. Nf3 Nf6 4. e3 a6 5. Qc2 Nbd7 6. b3 e6 7. Bd3 Be7 8. Nbd2
O-O 9. O-O h6 10. Bb2 b5 11. Ne5 Bb7 12. e4 Nxe5 13. dxe5 Nd7 14. exd5 bxc4 15.
Bh7+ Kh8 16. d6 Bh4 17. Be4 cxb3 18. Nxb3 f5 19. Bf3 g5 20. g3 g4 21. Bg2 Bg5
22. Nd4 Qe8 23. Qc4 a5 24. Qxe6 c5 25. Bxb7 cxd4 26. Qxe8 Raxe8 27. Bxd4 Nxe5
28. Bc6 Bf6 29. Bxe8 Nf3+ 30. Kg2 Nxd4 31. d7 f4 32. Rfd1 Ne6 33. Rac1 Bd8 34.
Rd6 Rf6 35. Rcc6 f3+ 36. Kf1 Rf5 37. Rxe6 Rb5 38. Rc8 1-0

[Event "DVM U20 2010"]
[Site "Osnabrück GER"]
[Date "2010.12.29"]
[Round "5"]
[White "Kreyssig, Robert"]
[Black "Bluhm, Achim"]
[Result "1-0"]
[Termination "normal"]
[Board "3.5"]
[WhiteElo "1869"]
[BlackElo "1955"]
[WhiteTeam "SC Leipzig-Gohlis"]
[BlackTeam "SF Neuberg"]
[PlyCount "81"]
[WhiteFideId "4662881"]
[BlackFideId "1270565"]
[EventCountry "GER"]
[EventRounds "7"]
[EventType "team-swiss"]
[EventDate "2010.12.26"]

1. d4 d5 2. c4 e6 3. Nc3 Nf6 4. cxd5 exd5 5. Bg5 Be7 6. e3 c6 7. Qc2 O-O 8. Bd3
Nbd7 9. Nge2 Re8 10. O-O Nf8 11. f3 Ng6 12. e4 dxe4 13. fxe4 Ng4 14. Bxe7 Qxe7
15. Qd2 c5 16. h3 Nf6 17. Rxf6 Qxf6 18. Nd5 Qd8 19. dxc5 Be6 20. Nec3 Ne7 21.
b4 Rc8 22. Rd1 Nc6 23. a3 Ne5 24. Bb5 Rf8 25. Qf4 Ng6 26. Qg3 Bxd5 27. exd5 a6
28. Be2 Qf6 29. Ne4 Qb2 30. Bh5 Qc2 31. Nd6 Rb8 32. Re1 a5 33. Kh2 axb4 34.
axb4 Qd2 35. Bf3 Qxb4 36. c6 bxc6 37. dxc6 Rbd8 38. Rd1 Nh4 39. Be4 Rxd6 40.
Qxh4 Rh6 41. Bxh7+ 1-0

[Event "DVM U20 2010"]
[Site "Osnabrück GER"]
[Date "2010.12.29"]
[Round "5"]
[White "Bluhm, Sonja Maria"]
[Black "Heistermann, Till"]
[Result "0-1"]
[Termination "normal"]
[Board "3.6"]
[WhiteElo "1818"]
[BlackElo "1909"]
[WhiteTeam "SF Neuberg"]
[BlackTeam "SC Leipzig-Gohlis"]
[PlyCount "54"]
[WhiteFideId "24654027"]
[EventCountry "GER"]
[EventRounds "7"]
[EventType "team-swiss"]
[EventDate "2010.12.26"]

1. e4 c5 2. Nf3 e6 3. d4 cxd4 4. Nxd4 a6 5. Bd3 Qc7 6. Qe2 d6 7. c4 Nf6 8. Nc3
b6 9. O-O Be7 10. Kh1 Nbd7 11. f4 Bb7 12. f5 e5 13. Nc2 Nc5 14. Nb4 Nxd3 15.
Qxd3 Rc8 16. b3 b5 17. Nbd5 Bxd5 18. Nxd5 Nxd5 19. cxd5 Qc3 20. Qb1 Kd7 21. Bb2
Qc2 22. Rc1 Qxb1 23. Raxb1 Bg5 24. Re1 Rc2 25. Kg1 Rhc8 26. g3 Bd8 27. Rec1
Rxb2 0-1

[Event "DVM U20 2010"]
[Site "Osnabrück GER"]
[Date "2010.12.29"]
[Round "5"]
[White "Schneider, David"]
[Black "Meier, Lars"]
[Result "1-0"]
[Termination "normal"]
[Board "4.1"]
[WhiteElo "2269"]
[BlackElo "1978"]
[WhiteTeam "FSV Großenseebach"]
[BlackTeam "SK Gründau"]
[PlyCount "71"]
[WhiteFideId "4697111"]
[BlackFideId "24602396"]
[EventCountry "GER"]
[EventRounds "7"]
[EventType "team-swiss"]
[EventDate "2010.12.26"]

1. e4 d5 2. exd5 Nf6 3. d4 Nxd5 4. Bc4 Nb6 5. Bb3 e6 6. Be3 Be7 7. Nf3 Nc6 8.
c3 Bf6 9. Nbd2 Na5 10. Ne4 Bd7 11. Nxf6+ gxf6 12. Bc2 Nac4 13. Bc1 Rg8 14. b3
Na5 15. Rg1 Bc6 16. Bxh7 Rg7 17. Bd3 Qd5 18. Bh6 Rg8 19. Be2 O-O-O 20. Bd2 Qf5
21. h3 e5 22. g4 Qh7 23. dxe5 Rge8 24. Rg3 Nd5 25. Qb1 Qh8 26. Qf5+ Bd7 27. Qe4
Bc6 28. Qf5+ Bd7 29. Qc2 fxe5 30. O-O-O Nf4 31. Bf1 Qf8 32. Nxe5 Rxe5 33. Bxf4
Re4 34. Qxe4 Qa3+ 35. Kb1 Nxb3 36. c4 1-0

[Event "DVM U20 2010"]
[Site "Osnabrück GER"]
[Date "2010.12.29"]
[Round "5"]
[White "Schulte, Marius"]
[Black "Linsenmeyer, Mario"]
[Result "1/2-1/2"]
[Termination "normal"]
[Board "4.2"]
[WhiteElo "1891"]
[BlackElo "2108"]
[WhiteTeam "SK Gründau"]
[BlackTeam "FSV Großenseebach"]
[PlyCount "38"]
[WhiteFideId "24682470"]
[BlackFideId "24635138"]
[EventCountry "GER"]
[EventRounds "7"]
[EventType "team-swiss"]
[EventDate "2010.12.26"]

1. d4 Nf6 2. c4 e5 3. dxe5 Ng4 4. Bf4 Nc6 5. Nf3 Bb4+ 6. Nbd2 Qe7 7. a3 Ngxe5
8. Nxe5 Nxe5 9. e3 Bxd2+ 10. Qxd2 d6 11. Be2 Ng6 12. Bg3 Be6 13. Bf3 Rb8 14.
Qd4 O-O 15. O-O b6 16. b4 Rbd8 17. Rfd1 Bf5 18. Rac1 Ne5 19. Be2 f6 1/2-1/2

[Event "DVM U20 2010"]
[Site "Osnabrück GER"]
[Date "2010.12.29"]
[Round "5"]
[White "Quaschner, Tobias"]
[Black "Hahn, Florian"]
[Result "1/2-1/2"]
[Termination "normal"]
[Board "4.3"]
[WhiteElo "1989"]
[BlackElo "2033"]
[WhiteTeam "FSV Großenseebach"]
[BlackTeam "SK Gründau"]
[PlyCount "97"]
[WhiteFideId "24646989"]
[BlackFideId "24659720"]
[EventCountry "GER"]
[EventRounds "7"]
[EventType "team-swiss"]
[EventDate "2010.12.26"]

1. e4 c5 2. Nf3 e6 3. d4 cxd4 4. Nxd4 Nc6 5. Nc3 Qc7 6. Be3 a6 7. Qd2 Nf6 8.
O-O-O Bb4 9. f3 Ne5 10. Nb3 b5 11. Qe1 Nc4 12. Bg5 Be7 13. Kb1 Bb7 14. Qg3 Rc8
15. Qxc7 Rxc7 16. Bf4 Rc8 17. Bxc4 bxc4 18. Nc1 d5 19. exd5 Nxd5 20. Nxd5 Bxd5
21. Ne2 Bf6 22. c3 O-O 23. Be3 Rfd8 24. Bd4 Be7 25. Kc2 Rb8 26. Be3 Rb7 27. h4
Rbd7 28. h5 f6 29. Bf4 Bc5 30. Ng3 e5 31. Bc1 Kf7 32. Nf5 e4 33. f4 Be6 34.
Rxd7+ Rxd7 35. Ne3 Rd3 36. Re1 Bxe3 37. Rxe3 Rxe3 38. Bxe3 Bg4 39. h6 gxh6 40.
b3 Be2 41. Kd2 Bf1 42. g3 Ke6 43. Bd4 Bd3 44. b4 f5 45. Bg7 h5 46. Bh6 Kd5 47.
a4 Bb1 48. a5 Ke6 49. Bg7 1/2-1/2

[Event "DVM U20 2010"]
[Site "Osnabrück GER"]
[Date "2010.12.29"]
[Round "5"]
[White "Tautz, Hendrik"]
[Black "Kirch, Florian"]
[Result "0-1"]
[Termination "normal"]
[Board "4.4"]
[WhiteElo "1751"]
[BlackElo "2031"]
[WhiteTeam "SK Gründau"]
[BlackTeam "FSV Großenseebach"]
[PlyCount "80"]
[WhiteFideId "4677536"]
[BlackFideId "24605794"]
[EventCountry "GER"]
[EventRounds "7"]
[EventType "team-swiss"]
[EventDate "2010.12.26"]

1. e4 Nf6 2. e5 Nd5 3. d4 d6 4. c4 Nb6 5. exd6 exd6 6. Nc3 Be7 7. h3 Nc6 8. d5
Ne5 9. b3 Bf6 10. Qc2 Qe7 11. Be2 O-O 12. Be3 Re8 13. Rc1 g6 14. Nf3 Bf5 15.
Qd2 Nxf3+ 16. Bxf3 Nd7 17. O-O Ne5 18. Be2 a5 19. Rfe1 g5 20. f4 gxf4 21. Bxf4
Qd7 22. Bf1 Kh8 23. Kh1 Rg8 24. Ne4 Bg7 25. Ng3 Bg6 26. Be2 Bf6 27. Rf1 Bh4 28.
Bf3 Nd3 29. Rc3 Nxf4 30. Qxf4 Bxg3 31. Qf6+ Rg7 32. Bg4 Be5 33. Bxd7 Bxf6 34.
Rxf6 Be4 35. Bg4 Re8 36. Re3 Bxg2+ 37. Kxg2 Rxe3 38. Rf3 Rxf3 39. Kxf3 Rg5 40.
Ke4 Re5+ 0-1

[Event "DVM U20 2010"]
[Site "Osnabrück GER"]
[Date "2010.12.29"]
[Round "5"]
[White "Tautz, Jonas"]
[Black "Nemeth-Csoka, Mihaly"]
[Result "1/2-1/2"]
[Termination "normal"]
[Board "4.6"]
[WhiteElo "1529"]
[BlackElo "1746"]
[WhiteTeam "SK Gründau"]
[BlackTeam "FSV Großenseebach"]
[PlyCount "59"]
[WhiteFideId "1270633"]
[BlackFideId "24659436"]
[EventCountry "GER"]
[EventRounds "7"]
[EventType "team-swiss"]
[EventDate "2010.12.26"]

1. e4 e5 2. Nf3 Nc6 3. Bb5 Nf6 4. O-O d6 5. h3 Be7 6. Re1 O-O 7. c3 a6 8. Ba4
Ne8 9. d4 b5 10. Bc2 Bd7 11. Nbd2 a5 12. Qe2 Rb8 13. Qe3 exd4 14. Nxd4 Bg5 15.
f4 Bh4 16. Rf1 Nxd4 17. cxd4 c5 18. Nf3 cxd4 19. Qxd4 Bf6 20. Qd3 g6 21. Rd1
Qc8 22. Rb1 Be6 23. Bb3 Bxb3 24. Qxb3 Qe6 25. Qxe6 fxe6 26. Be3 Rc8 27. e5 dxe5
28. fxe5 Be7 29. Rbc1 Ng7 30. Rd7 1/2-1/2

[Event "DVM U20 2010"]
[Site "Osnabrück GER"]
[Date "2010.12.29"]
[Round "5"]
[White "Neukötter, Max"]
[Black "Borgmeyer, Max"]
[Result "1-0"]
[Termination "normal"]
[Board "5.1"]
[WhiteElo "1989"]
[BlackElo "2170"]
[WhiteTeam "Schachfreunde Paderborn 2000"]
[BlackTeam "Koenigsspringer SC 1984"]
[PlyCount "75"]
[WhiteFideId "24648108"]
[BlackFideId "24615870"]
[EventCountry "GER"]
[EventRounds "7"]
[EventType "team-swiss"]
[EventDate "2010.12.26"]

1. e4 c5 2. Nc3 Nc6 3. g3 e6 4. Bg2 Nge7 5. d3 d5 6. exd5 exd5 7. Qe2 Be6 8.
Bf4 Nd4 9. Qd2 Ng6 10. Nge2 Nxe2 11. Nxe2 Be7 12. O-O O-O 13. d4 Qb6 14. Be3
Qxb2 15. Rfb1 Qa3 16. Rxb7 Rab8 17. Rab1 Rxb7 18. Rxb7 Qxa2 19. dxc5 Qa1+ 20.
Nc1 Bf6 21. f4 Ne7 22. Bf1 Nf5 23. Bf2 Nd4 24. Kg2 Bf5 25. Bd3 Bxd3 26. cxd3
Qa6 27. Qb4 Ne6 28. Qb5 Qa3 29. Nb3 Qa2 30. Rb8 g5 31. Rxf8+ Kxf8 32. c6 gxf4
33. Qxd5 Qe2 34. Nc5 Ng5 35. Qd6+ Be7 36. Nd7+ Kg7 37. Qxf4 Qxd3 38. Qd4+ 1-0